000 00528nam a22001937a 4500
999 _c524556
_d524556
003 NUST
005 20190624052008.0
008 190624b ||||| |||| 00| 0 eng d
038 _aFaiza
082 _a891.439
_bSAI
100 _aSaikh, Maqsood Illahi
_915362
245 _aMukhzan (2) /
_cMaqsood Illahi Saikh
260 _aAsharat Publications :
_bKarachi,
_c2002.
300 _a455p. ;
500 _aPaper Cover
880 _6100-01\r
_aمقصود الہی شیخ
880 _6245-02\r
_aمخزن 2
942 _2ddc
_cBK